Die 86 besten deutschen Bands - Statistiken

Allgemein
  • Dieses Quiz wurde 167 mal gespielt
  • Das Durchschnittsergebnis liegt bei 31 aus 86
Antwortstatistiken
Bsp. Hits 🎶 Ort der
Gründung
Band % Korrekt
🎶 Tage wie diese 🎶 Bommerlunder Düsseldorf Die Toten Hosen
92%
🎶 Nur geträumt 🎶 99 Luftballons Berlin Nena Band
92%
🎶 Unrockbar 🎶 Westerland Berlin Die Ärzte
88%
🎶 Die da?! 🎶 Ernten was wir säen Stuttgart Die fantastischen Vier
86%
🎶 Engel🎶 Sonne Berlin Rammstein
84%
🎶 Durch den Monsun🎶 Spring nicht Magdeburg Tokio Hotel
82%
🎶 Cheri Cheri Lady 🎶 You're My Heart, You're My Soul Berlin Modern Talking
81%
🎶 Wind of Change 🎶 Send Me an Angel Hannover Scorpions
80%
🎶 54',74', 90', 2006🎶 Applaus, Applaus Germering Sportfreunde Stiller
80%
🎶 Küssen verboten🎶 Alles nur geklaut Leipzig Die Prinzen
79%
🎶 Perfekte Welle 🎶 Geile Zeit Gießen Juli
78%
🎶 Abenteuerland 🎶 Halt dich fest Bietigheim -Bissingen Pur
74%
🎶 Big in Japan 🎶 Forever Young Münster Alphaville
73%
🎶 Krieger des Lichts 🎶 Das Beste Bautzen Silbermond
70%
🎶 So wie du warst🎶 Geboren um zu leben Aachen Unheilig
70%
🎶 Hyper Hyper 🎶 Nessaja Hamburg Scooter
69%
🎶 Ich lass für dich das Licht an🎶 Die Welt steht still Hamburg Revolverheld
66%
🎶 Skandal im Sperrbezirk 🎶 Wo bist du? München Spider Murphy Gang
66%
🎶 Schwule Mädchen 🎶 Bettina, zieh dir bitte etwas an Hamburg Fettes Brot
62%
🎶 Ohne dich schlaf ich heut Nacht nicht ein🎶 Tausendmal Du München Münchener Freiheit
61%
🎶 Ding🎶 Augenbling Berlin Seeed
60%
🎶 Daddy Cool 🎶 Rivers of Babylon Offenbach Boney M.
56%
🎶 Bruttosozialprodukt 🎶 Einsamkeit Bochum Geier Sturzflug
56%
🎶 Und wenn ein Lied 🎶 Ist es wahr? Mannheim Söhne Mannheims
56%
🎶 Du erinnerst mich an Liebe 🎶 Vom selben Stern Berlin Ich + Ich
55%
🎶 Über 7 Brücken 🎶 Der blaue Planet Ost-Berlin Karat
55%
🎶 Aff un zo🎶 Widderlich Köln BAP
53%
🎶 Leider geil🎶 Bück dich hoch Hamburg Deichkind
53%
🎶 Beinhart Torfrock
53%
🎶 Denkmal🎶 Nur ein Wort Hamburg Wir sind Helden
53%
🎶 Moskau🎶 Loreley Dschingis Khan
52%
🎶 Liebe ist alles🎶 Gib mir Sonne Berlin Rosenstolz
52%
🎶 Autobahn 🎶 Die Roboter Düsseldorf Kraftwerk
50%
🎶 Weinst du? 🎶 Junimond Flensburg Echt
48%
🎶 Herz ist Trumpf 🎶 Da Da Da (...) Großenkneten Trio
45%
🎶 Ein Song reicht🎶 Blaues Licht Chemnitz Kraftklub
40%
🎶 Don't Gimme That 🎶 Hey Ya Berlin The BossHoss
40%
🎶 36 Grad 🎶 Ich & Elaine Berlin 2raumwohnung
39%
🎶 Der Präsident ist tot🎶 Hurra, hurra die Schule brennt Hagen Extrabreit
34%
🎶 Zirkus🎶 Tanz der Moleküle Berlin Mia
34%
🎶 Der Traum ist aus 🎶 Keine Macht für Niemand West - Berlin Ton Steine Scherben
34%
🎶 Rockerrente🎶 Alt wie ein Baum Freiberg Puhdys
32%
🎶 Kumba Yo! 🎶 Lords of the Boards Göttingen Guano Apes
31%
🎶 Still🎶 ImmerFürImmer Eifel Jupiter Jones
28%
🎶 Brennende Liebe 🎶 Augen auf! Braunschweig Oomph!
28%
🎶 Terpentin 🎶 Wir bleiben Hösbach Böhse Onkelz
27%
🎶 Carbonara 🎶 Das Blech Berlin Spliff
23%
🎶 Pfefferminzhimmel🎶 Das Blut so laut Ost-Berlin City
21%
🎶 Eisblumen🎶 Für immer Berlin Eisblume
21%
🎶 Eiszeit 🎶 Monotonie Berlin Ideal
19%
🎶 Halbstark, laut & jung🎶 Wir schaffen Deutsch.Land Brixen Frei.Wild
18%
🎶 Kebab Träume 🎶 Der Mussolini Wuppertal DAF
17%
🎶 Delmenhorst 🎶 Ein Hotdog unten am Hafen Berlin Element of Crime
16%
🎶 Es tut wieder weh 🎶 Kopf oder Zahl Usedom &Berlin Jennifer Rostock
16%
🎶 Knockin' on Heavens Door 🎶 Wenn ich wollte Hamburg Selig
16%
🎶 Nie wieder Krieg 🎶 Die Unendlichkeit Hamburg Tocotronic
16%
🎶 Ein Jahr - Es geht voran Düsseldorf &Wuppertal Fehlfarben
14%
🎶 Nur ein Land 🎶 Zu den Wurzeln Düsseldorf Broilers
13%
🎶 Wenn das Liebe ist 🎶 Haltet die Welt an Frankfurt Glashaus
12%
🎶 LiebMichHassMich🎶 Ich kann auch ohne dich Dillingen Killerpilze
12%
🎶 Ihr habt gewonnen 🎶 Ick wer zun Schwein Berlin Knorkator
12%
🎶 Hallo ich bin Hermann 🎶 Volle Lotte Rodgau Rodgau Monotones
12%
🎶 Container Love Philip Boa & the Voodooclub
11%
🎶 Spoon🎶 Vitamin C Köln Can
10%
🎶 The Rise of Chaos 🎶 Russian Roulette Solingen Accept
8%
🎶 Mirror Mirror 🎶 And Then There Was Silence Krefeld Blind Guardian | Lucifer's Heritage
8%
🎶 Gänseblümchen🎶 Ich will Lärm Erlangen J.B.O.
8%
🎶 Leb' deine Träume 🎶 Vergessen zu vergessen Iserlohn Luxuslärn
8%
🎶 Das Glockenspiel 🎶 Ruhe Schiller
8%
🎶 No, No, Joe 🎶 Telegramm München Silver Convention
8%
🎶 Geist des Kriegers 🎶 Falscher Heiland Potsdam Subway to Sally
8%
🎶 Gamma Ray 🎶 Get Down to Your Fate Berlin Birth Control
7%
🎶 Razzia 🎶 Illegal Hagen Grobschnitt
7%
🎶 Als ich fortging🎶 Ehrlich will ich bleiben Leipzig Karussell
7%
🎶 Dr. Mabuse 🎶 Duel Düsseldorf Propaganda
7%
🎶 Machineries of Joy🎶 Germaniac Düsseldorf Die Krupps
5%
🎶 Halber Mensch 🎶 Tabula Rasa Berlin Eingestürzte Neubauten
5%
🎶 Wenn ich ein Junge wär🎶 Mein Herz ist Gift für dich Friedberg Fräulein Wunder
5%
🎶 Victoriam Speramus 🎶 Liberatio Aachen Krypteria
5%
🎶 Sorcerer 🎶 Das Mädchen auf der Treppe - White Eagle West - Berlin Tangerine Dream
5%
🎶 Anfang ohne Ende 🎶 Leere Hände Nürnberg Ihre Kinder
4%
🎶 Warum? 🎶 Cool Water Hamburg Die City Preachers
3%
🎶 Fata Morgana 🎶 Sahara Elektrik Berlin Dissidenten
3%
🎶 Loco - Motive Berlin Passport
3%
🎶 Auf Auf🎶 Surfin' München Embryo
2%
🎶 FanFanFanatisch🎶 Computerbeat Düsseldorf Rheingold
2%
Keine übereinstimmenden Quizze gefunden
Verteilung der Resultate
Anzahl Personen mit jedem Resultat
Perzentil nach korrekt beantworteten Fragen
Ihre Resultats-Entwicklung
Sie haben dieses Quiz noch nicht gespielt